000 00386nam a2200169Ia 4500
003 0STCL
008 150530s9999 xx 000 0 und d
040 _aSTCL
_cSTCL
100 _aDawson, W.A.
245 _aIntroductory guide to gentral labour legislation
250 _aFirst
260 _c1967
546 _aEnglish
942 _2ddc
_cBK
999 _c8808
_d8808
005 20220125165516.0